| 000 | 00782cab a2200241 4500 | ||
|---|---|---|---|
| 001 | WB3010-28 | ||
| 008 | 090401t1994 xxu||||| |||| 00| 0 eng d | ||
| 035 | _a(Sirsi) u81809 | ||
| 041 | _aeng | ||
| 245 | _aAt home in the office | ||
| 260 | _c1994 | ||
| 350 | _a0 | ||
| 490 |
_aFinancial Times _v9 March 1994, 15 |
||
| 490 |
_aProperty Week _v46(10) 10 March 1994, 7(2) |
||
| 520 | _aDiscusses how telecommunications and information technology companies are helping to redesign the working environment. Includes reference to home teleworking. | ||
| 650 | _aCHRISTOPHER JONAS | ||
| 650 | _aMANAGEMENT-BUSINESS MANAGEMENT-INFORMATION MANAGEMENT | ||
| 650 | _aMIPIM | ||
| 650 | _aWORKING FROM HOME | ||
| 690 | _aECONOMIC AND SOCIAL | ||
| 942 | _n0 | ||
| 948 | _c04/03/1997 | ||
| 999 |
_c51585 _d51585 |
||